Modernizácia výrobnej linky Minidosa v zmysle konceptu Priemysel 4.0

Gespeichert in:
Bibliographische Detailangaben
1. Verfasser: Butkovič, Lukáš (Verfasst von)
Weitere Verfasser: Bartalský, Lukáš (Betreuung Doktorarbeit)
Format: Manuskript Buch
Sprache:Slowakisch
Veröffentlicht: 2021
Schlagworte:
Online-Zugang:http://is.stuba.sk/zp/portal_zp.pl?podrobnosti=156585
Tags: Tag hinzufügen
Keine Tags, Fügen Sie das erste Tag hinzu!

MARC

LEADER 00000ntm a22000003a 4500
001 stuzp84522
003 SK-STU
005 20210612213157.5
007 ta
008 150427s2015----xo-----f-mn---000-0-slo-d
040 |a STU  |b slo 
041 0 |a slo 
100 1 |a Butkovič, Lukáš  |u 020020  |k Z4  |4 aut  |U SjF Strojnícka fakulta  |T SjF Ústav automatizácie, merania a aplikovanej informatiky  |X 87370  |U J0020  |Y 802  |7 87370 
242 0 1 |a Modernization of the Minidosa production line in accordance with the Industry 4.0 concept  |y eng 
245 1 0 |a Modernizácia výrobnej linky Minidosa v zmysle konceptu Priemysel 4.0 
260 |c 2021 
650 4 |a EPLAN P8  |2 slo 
650 4 |a TIA portal  |2 slo 
650 4 |a Priemysel 4.0  |2 slo 
650 4 |a Minidosa  |2 slo 
650 4 |a HMI  |2 slo 
650 4 |a FluidSIM  |2 slo 
650 4 |a EPLAN P8  |2 eng 
650 4 |a TIA Portal  |2 eng 
650 4 |a Industry 4.0.  |2 eng 
650 4 |a HMI  |2 eng 
650 4 |a FluidSIM  |2 eng 
650 4 |a Minidosa  |2 eng 
700 1 |a Bartalský, Lukáš  |u 020020  |k Z1  |4 ths  |U SjF Strojnícka fakulta  |T SjF Ústav automatizácie, merania a aplikovanej informatiky  |X 57845  |U J0020  |Y 802  |7 A000057845 
856 4 |u http://is.stuba.sk/zp/portal_zp.pl?podrobnosti=156585